Click the Missing Word - Movie Titles - Statistics

General Stats
  • This quiz has been taken 597 times
  • The average score is 20 of 22
Answer Stats
Hint Answer % Correct
_____ to the Future Back
98%
Fantastic _____ and Where to Find Them Beasts
98%
The _____ and the Furious Fast
98%
The _____ Hulk Incredible
98%
La La _____ Land
98%
You Only _____ Twice Live
98%
_____: Impossible Mission
98%
Toy _____ Story
98%
Spider-Man: No _____ Home Way
98%
_____ of the Galaxy Guardians
97%
Gone with the _____ Wind
97%
Dawn of the _____ of the Apes Planet
96%
The _____ of the Lambs Silence
95%
No _____ to Die Time
95%
_____ Movie Bee
92%
_____ Out Inside
89%
_____ Never Dies Tomorrow
86%
_____ Lies True
86%
_____ to Kill Licence
83%
Turning _____ Red
82%
_____ of Solace Quantum
81%
Clear and _____ Danger Present
79%
No matching quizzes found
Score Distribution
Percent of People with Each Score
Percentile by Number Answered
Your Score History
You have not taken this quiz